000 00261nam a2200121Ia 4500
008 190216s9999||||xx |||||||||||||| ||und||
100 _aWalter Greiner
245 0 _aQuantum Mechanics
260 _bSpringer
300 _a485
650 _aPhysics
942 _cBK
999 _c34133
_d34133